000 00289nam a22001337a 4500
020 _a9780123847058
082 _a551.49
_bRIT/GR
100 _aFitts,Charles R.
_9610
245 _aGroundwater Science
250 _a2
260 _aNew Delhi
_bElsevier
_c2013
300 _a672
942 _cBK
999 _c14380
_d14380